De la cacophonie à la musique : La perception du son dans les sociétés antiques /
Etudes des constructions culturelles des sociétés antiques en matière de sonorités. Les contributeurs explorent les définitions de la cacophonie et de la musique en fonction des époques et des contextes, en Egypte, en Orient et dans les mondes grec et romain, à partir du lexique relevant du champ sé...
مؤلفون آخرون: , ,
التنسيق: كتاب
اللغة: French
منشور في:
Cairo :
Institut français d'archéologie orientale,
2022.
سلاسل:
Bibliotheque d'Etude ;
180.
BDE ;
180.
الموضوعات:
الوسوم: إضافة وسم
رقم الطلب: DT57 .C18 v.180
| LEADER | 01439nam a22003137a 4500 | ||
|---|---|---|---|
| 003 | OSt | ||
| 005 | 20260209112222.0 | ||
| 008 | 260209t2022 ua a b 000 0 fre d | ||
| 020 | |a 9782724708462 | ||
| 020 | |a 2724708466 | ||
| 040 | |c ARCE Library | ||
| 050 | 1 | 4 | |a DT57 |b .C18 v.180 |
| 245 | 0 | 6 | |a De la cacophonie à la musique : |b La perception du son dans les sociétés antiques / |c édité par Sibylle Emerit; Sylvain Perrot; Alexandre Vincent. |
| 264 | 1 | |a Cairo : |b Institut français d'archéologie orientale, |c 2022. | |
| 300 | |a xxviii, 355 pages : |b illustrations ; |c 29 cm. | ||
| 490 | 1 | |a Bibliotheque d'Etude ; |v 180. | |
| 490 | 1 | |a BDE ; |v 180. | |
| 504 | |a Includes bibliographical references (pages 340-343). | ||
| 520 | 8 | |a Etudes des constructions culturelles des sociétés antiques en matière de sonorités. Les contributeurs explorent les définitions de la cacophonie et de la musique en fonction des époques et des contextes, en Egypte, en Orient et dans les mondes grec et romain, à partir du lexique relevant du champ sémantique des perceptions acoustiques. | |
| 650 | 0 | |a Musical instruments |z Egypt. | |
| 650 | 0 | |a Folk music |z Egypt |x History and criticism. | |
| 700 | 1 | |a Emerit, Sibylle, |e editor | |
| 700 | 1 | |a Perrot, Sylvain, |e editor | |
| 700 | 1 | |a Vincent, Alexandre, |e editor | |
| 830 | 0 | |a Bibliotheque d'Etude ; |v 180. | |
| 830 | 0 | |a BDE ; |v 180. | |
| 901 | |a reviewed | ||
| 942 | |2 lcc |c BK | ||
| 999 | |c 50568 |d 50568 | ||
